| 000 | 01081nac a22002771u 4500 | ||
|---|---|---|---|
| 010 | _a 2003065101 | ||
| 020 | _a0072873744 (alk. paper) | ||
| 082 | 0 | 0 |
_a658.421 _bH67315 |
| 090 |
_c4142 _d4142 |
||
| 100 | _aHisrich, Robert D. | ||
| 245 | 1 | 0 |
_aEntrepreneurship / _cRobert D. Hisrich, Michael P. Peters, Dean A. Shepherd. |
| 250 |
_a6th ed. / _bRobert D. Hisrich, Michael P. Peters, Dean A. Shepherd. |
||
| 260 |
_aBoston : _bMcGraw-Hill/Irwin, _cc2005. |
||
| 300 |
_axx, 591 p. : _bcol. ill. ; _c26 cm. |
||
| 500 | _aInternational Edition. | ||
| 504 | _aIncludes bibliographical references and index. | ||
| 650 | 0 | _aNew business enterprises. | |
| 650 | 0 | _aEntrepreneurship. | |
| 650 | 0 | _aBusiness planning. | |
| 650 | 0 |
_aBusiness enterprises _xFinance. |
|
| 650 | 0 | _aSuccess in business. | |
| 700 | 1 | _aPeters, Michael P. | |
| 700 | 1 | _aShepherd, Dean A. | |
| 942 |
_cBB _k658.421H67315 |
||
| 999 |
_c4142 _d4142 |
||